Welcome to the official i-CATS University College Library system. If you are a new user, please contact our librarian for registration.

Introductory linear algebra with applications / (Record no. 2691)

MARC details
000 -LEADER
fixed length control field 00957nam a2200289 a 4500
001 - CONTROL NUMBER
control field 4946193
003 - CONTROL NUMBER IDENTIFIER
control field OSt
005 - DATE AND TIME OF LATEST TRANSACTION
control field 20260327113700.0
008 - FIXED-LENGTH DATA ELEMENTS--GENERAL INFORMATION
fixed length control field 960920s1997 nju b 001 0 eng
020 ## - INTERNATIONAL STANDARD BOOK NUMBER
International Standard Book Number 0138413053
Qualifying information alk. paper
020 ## - INTERNATIONAL STANDARD BOOK NUMBER
International Standard Book Number 9780138413057
Qualifying information (alk. paper)
040 ## - CATALOGING SOURCE
Original cataloging agency DLC
Transcribing agency DLC
Modifying agency iCATSUC
Language of cataloging eng
050 00 - LIBRARY OF CONGRESS CALL NUMBER
Classification number QA184
Item number .K67 1997
082 00 - DEWEY DECIMAL CLASSIFICATION NUMBER
Classification number 512.5
Edition number 20
Item number /KOL
100 1# - MAIN ENTRY--PERSONAL NAME
Personal name Kolman, Bernard,
Dates associated with a name 1932-
Relator term author.
245 10 - TITLE STATEMENT
Title Introductory linear algebra with applications /
Statement of responsibility, etc. Bernard Kollman, with the assistance of David R. Hill.
250 ## - EDITION STATEMENT
Edition statement 6th edn.
260 ## - PUBLICATION, DISTRIBUTION, ETC.
Place of publication, distribution, etc. Upper Saddle River, N.J. :
Name of publisher, distributor, etc. Prentice-Hall Inc.,
Date of publication, distribution, etc. 1997.
300 ## - PHYSICAL DESCRIPTION
Extent xvii, 608, 70, 8 p. ;
Dimensions 24 cm.
Other physical details ill. ;
336 ## - CONTENT TYPE
Content type term text
Content type code txt
Source rdacontent
337 ## - MEDIA TYPE
Media type term unmediated
Media type code n
Source rdamedia
338 ## - CARRIER TYPE
Carrier type term volume
Carrier type code nc
Source rdacarrier
500 ## - GENERAL NOTE
General note Includes index.
650 #0 - SUBJECT ADDED ENTRY--TOPICAL TERM
Topical term or geographic name entry element Algebras, Linear.
700 1# - ADDED ENTRY--PERSONAL NAME
Personal name Hill, David R.
Fuller form of name (David Ross),
Dates associated with a name 1943-
Relator term contributor.
942 ## - ADDED ENTRY ELEMENTS (KOHA)
Source of classification or shelving scheme Library of Congress Classification
Koha item type Books
Suppress in OPAC No
Holdings
Withdrawn status Lost status Source of classification or shelving scheme Damaged status Not for loan Collection Home library Current library Shelving location Date acquired Cost, normal purchase price Total checkouts Full call number Barcode Date last seen Copy number Price effective from Koha item type
    Library of Congress Classification     Open Collection Dato Maznah Library & Information Services Dato Maznah Library & Information Services QA Mathematics 27/03/2026 81.00   QA184 .K67 1997 1002712 27/03/2026 1 27/03/2026 Books
Copyright CITM & Maznah Library, i-CATS University College 2025. All Rights Reserved